[Event "HUN-chT2 Barcza 1819"]
[Site "Hungary"]
[Date "2018.09.23"]
[Round "1.5"]
[White "Barabas, Tibor"]
[Black "Kosa, Peter"]
[Result "1-0"]
[WhiteElo "1881"]
[BlackElo "2099"]
[PlyCount "55"]
[EventDate "2018.09.23"]
[EventType "team-tourn"]
[EventRounds "11"]
[EventCountry "HUN"]
[SourceTitle "CBM 189 Extra"]
[Source "ChessBase"]
[SourceDate "2019.06.03"]
[SourceVersion "1"]
[SourceVersionDate "2019.06.03"]
[SourceQuality "1"]
[WhiteTeam "Mezokovesd"]
[BlackTeam "Hajduszoboszlo"]
[WhiteTeamCountry "HUN"]
[BlackTeamCountry "HUN"]

1. e4 c5 2. Nf3 Nc6 3. Bb5 g6 4. 0-0 Bg7 5. c3 Nf6 6. e5 Nd5 7. d4 cxd4 8. cxd4 0-0 9. Nc3 Nc7 10. Ba4 d5 11. h3 a6 12. Bxc6 bxc6 13. Na4 Ne6 14. Be3 f5 15. Qc2 Bd7 16. Ng5 Nxg5 17. Bxg5 h6 18. Bd2 g5 19. f4 e6 20. Nc5 g4 21. hxg4 fxg4 22. Qg6 Qe7 23. Qxg4 Rf5 24. Qh3 h5 25. Rf3 Kf7 26. Rb3 Bc8 27. Rb6 Bh6 28. g4 1-0

[Event "HUN-chT2 Barcza 1718"]
[Site "Hungary"]
[Date "2018.03.25"]
[Round "10.2"]
[White "Kosa, Peter"]
[Black "Juhasz, Laszlo"]
[Result "1/2-1/2"]
[WhiteElo "2095"]
[BlackElo "2137"]
[PlyCount "133"]
[EventDate "2017.09.24"]
[EventType "team-tourn"]
[EventRounds "11"]
[EventCountry "HUN"]
[SourceTitle "EXT 2021"]
[Source "ChessBase"]
[SourceDate "2020.10.23"]
[SourceVersion "1"]
[SourceVersionDate "2020.10.23"]
[SourceQuality "1"]
[WhiteTeam "Hajduszoboszlo"]
[BlackTeam "Tiszavasvar"]
[WhiteTeamCountry "HUN"]
[BlackTeamCountry "HUN"]

1. e4 d5 2. exd5 Qxd5 3. Nc3 Qd6 4. d4 Nf6 5. g3 c6 6. Bf4 Qd8 7. Bg2 Bg4 8. f3 Bf5 9. g4 Bg6 10. Nge2 e6 11. h4 h6 12. Qd2 Bd6 13. 0-0-0 Na6 14. g5 Nh5 15. Ne4 Bxf4 16. Nxf4 Nxf4 17. Qxf4 Qc7 18. Qxc7 Nxc7 19. Nd6+ Ke7 20. Nxb7 Nd5 21. Na5 Nf4 22. Rd2 Rac8 23. Re1 hxg5 24. hxg5 Rh5 25. Bf1 Rxg5 26. b4 Rg1 27. Rdd1 Rg3 28. Ba6 Rc7 29. Re3 Nd5 30. Rb3 Bh5 31. Rf1 Nf4 32. a4 Rg2 33. Rc3 Kd7 34. Kb2 Nd5 35. Rb3 Bg6 36. Rc1 Rd2 37. Nc4 Rxd4 38. Ne5+ Kd6 39. Nxg6 fxg6 40. c4 Nf4 41. Ka3 Rf7 42. a5 c5 43. b5 Kc7 44. b6+ Kb8 45. Rh1 Rf8 46. Ka4 Nd5 47. Kb5 axb6 48. axb6 Nf4 49. Kxc5 e5 50. Kc6 Ne6 51. Re1 Rfd8 52. Kb5 R4d6 53. Kb4 Rxb6+ 54. Bb5 Nd4 55. Rb2 Nxf3 56. Re3 Rf8 57. Kc5 Rbf6 58. Bc6+ Kc7 59. Rb7+ Kc8 60. Reb3 Rxc6+ 61. Kxc6 Nd4+ 62. Kd5 Nxb3 63. Rxb3 Re8 64. Re3 Kc7 65. Rxe5 Rxe5+ 66. Kxe5 Kc6 67. Kf4 1/2-1/2

[Event "HUN-chT2 Barcza 1617"]
[Site "Hungary"]
[Date "2016.12.11"]
[Round "6.4"]
[White "Kosa, Peter"]
[Black "Toth, Tamas3333"]
[Result "1/2-1/2"]
[WhiteElo "2091"]
[BlackElo "2106"]
[PlyCount "53"]
[EventDate "2016.09.25"]
[EventType "team-tourn"]
[EventRounds "11"]
[EventCountry "HUN"]
[SourceTitle "EXT 2021"]
[Source "ChessBase"]
[SourceDate "2020.10.23"]
[SourceVersion "1"]
[SourceVersionDate "2020.10.23"]
[SourceQuality "1"]
[WhiteTeam "Hajduszoboszlo"]
[BlackTeam "Hajduboszormeny"]
[WhiteTeamCountry "HUN"]
[BlackTeamCountry "HUN"]

1. d4 d5 2. Nf3 Nf6 3. c4 c6 4. Nc3 e6 5. Bg5 dxc4 6. e4 b5 7. e5 h6 8. Bh4 g5 9. Nxg5 hxg5 10. Bxg5 Be7 11. exf6 Bxf6 12. Bxf6 Qxf6 13. g3 Bb7 14. Bg2 Na6 15. Nxb5 cxb5 16. Bxb7 Nb4 17. 0-0 Rd8 18. Qd2 Qh6 19. Qxh6 Rxh6 20. a4 Nc2 21. Rad1 Nxd4 22. axb5 e5 23. Kg2 Rb6 24. Ba6 Nxb5 25. Rxd8+ Kxd8 26. Bxb5 Rxb5 27. Rd1+ 1/2-1/2

[Event "HUN-chT2 Barcza 1516"]
[Site "Hungary"]
[Date "2016.02.28"]
[Round "8.5"]
[White "Nagy, Kalman"]
[Black "Kosa, Peter"]
[Result "1/2-1/2"]
[WhiteElo "2018"]
[BlackElo "2141"]
[PlyCount "35"]
[EventDate "2015.09.13"]
[EventType "team-tourn"]
[EventRounds "11"]
[EventCountry "HUN"]
[SourceTitle "EXT 2017"]
[Source "ChessBase"]
[SourceDate "2016.10.25"]
[SourceVersion "1"]
[SourceVersionDate "2016.10.25"]
[SourceQuality "1"]
[WhiteTeam "SSASSE"]
[BlackTeam "Hajduszoboszlo"]
[WhiteTeamCountry "HUN"]
[BlackTeamCountry "HUN"]

1. e4 c5 2. Nf3 Nc6 3. d4 cxd4 4. Nxd4 Nf6 5. Nc3 e5 6. Ndb5 d6 7. Bg5 a6 8. Na3 b5 9. Bxf6 gxf6 10. Nd5 f5 11. Bd3 Be6 12. c3 Bg7 13. Ne3 f4 14. Nd5 Ne7 15. Nxe7 Qxe7 16. Qd2 Rc8 17. Nc2 0-0 18. f3 1/2-1/2

[Event "HUN-chT2 Barcza 1415"]
[Site "Hungary"]
[Date "2014.11.30"]
[Round "5"]
[White "Kosa, Peter"]
[Black "Solyom, Sandor"]
[Result "1-0"]
[WhiteElo "2113"]
[BlackElo "1741"]
[PlyCount "81"]
[EventDate "2014.09.07"]
[EventType "team-tourn"]
[EventRounds "11"]
[EventCountry "HUN"]
[SourceTitle "EXT 2016"]
[Source "ChessBase"]
[SourceDate "2015.10.08"]
[SourceVersion "1"]
[SourceVersionDate "2015.10.08"]
[SourceQuality "1"]
[WhiteTeam "Hajduszoboszlo"]
[BlackTeam "Sajobabony"]
[WhiteTeamCountry "HUN"]
[BlackTeamCountry "HUN"]

1. e4 e6 2. d4 d5 3. Nc3 Bb4 4. e5 c5 5. a3 cxd4 6. axb4 dxc3 7. Qg4 cxb2 8. Bxb2 g6 9. h4 Qc7 10. Bd3 Nc6 11. Nf3 h5 12. Qf4 Nh6 13. b5 Na5 14. Qf6 Rg8 15. Ba3 Ng4 16. Qg5 b6 17. Bd6 Qd8 18. Qf4 Nb7 19. Bb4 Qc7 20. 0-0 Nc5 21. Rfe1 Bd7 22. Qg5 Qd8 23. Qf4 Qc7 24. Ng5 f6 25. Nf3 fxe5 26. Nxe5 Nxe5 27. Rxe5 0-0-0 28. Qg5 Rdf8 29. Qe3 Kb7 30. Be2 Ne4 31. Rxe4 dxe4 32. Qxe4+ Kc8 33. Bxf8 Rxf8 34. Qa8+ Qb8 35. Rxa7 Rd8 36. Bf3 Bxb5 37. Bb7+ Kc7 38. Bc6+ Kd6 39. Qxb8+ Rxb8 40. Bxb5 Rc8 41. Bd3 1-0

[Event "HUN-chT2 Barcza 1415"]
[Site "Hungary"]
[Date "2014.10.12"]
[Round "3"]
[White "Barnoth, Robert"]
[Black "Kosa, Peter"]
[Result "0-1"]
[WhiteElo "1863"]
[BlackElo "2113"]
[PlyCount "86"]
[EventDate "2014.09.07"]
[EventType "team-tourn"]
[EventRounds "11"]
[EventCountry "HUN"]
[SourceTitle "EXT 2016"]
[Source "ChessBase"]
[SourceDate "2015.10.08"]
[SourceVersion "1"]
[SourceVersionDate "2015.10.08"]
[SourceQuality "1"]
[WhiteTeam "Piremon"]
[BlackTeam "Hajduszoboszlo"]
[WhiteTeamCountry "HUN"]
[BlackTeamCountry "HUN"]

1. e4 c5 2. Nc3 Nc6 3. g3 g6 4. d3 Bg7 5. Be3 d6 6. Qd2 Rb8 7. Bg2 b5 8. Nge2 Nd4 9. 0-0 e6 10. Nd1 b4 11. f4 Ne7 12. g4 f5 13. g5 0-0 14. Ng3 Qa5 15. Bxd4 Bxd4+ 16. Kh1 Ba6 17. Ne2 Bg7 18. c3 Qb5 19. c4 Qb6 20. Ne3 Bb7 21. Ng3 Rbd8 22. Rac1 Qa6 23. Ra1 Rfe8 24. h4 Qb6 25. Qc2 a5 26. Rab1 Bd4 27. Qe2 a4 28. Rbe1 b3 29. a3 Bc6 30. Nd1 Qc7 31. h5 Bd7 32. h6 e5 33. exf5 Nxf5 34. Bd5+ Kh8 35. Nxf5 Bxf5 36. Be4 exf4 37. Qf3 Qf7 38. Bd5 Be6 39. Bc6 Rf8 40. Bxa4 Bc8 41. Bc6 Qf5 42. Qg2 Qxd3 43. Bd5 Bh3 0-1

[Event "HUN-chT2 Barcza 1314"]
[Site "Hungary"]
[Date "2014.03.02"]
[Round "8"]
[White "Kosa, Peter"]
[Black "Adorjan, Attila"]
[Result "1/2-1/2"]
[WhiteElo "2131"]
[BlackElo "1983"]
[PlyCount "58"]
[EventDate "2013.09.08"]
[EventType "team-tourn"]
[EventRounds "11"]
[EventCountry "HUN"]
[SourceTitle "EXT 2016"]
[Source "ChessBase"]
[SourceDate "2015.10.08"]
[SourceVersion "1"]
[SourceVersionDate "2015.10.08"]
[SourceQuality "1"]
[WhiteTeam "Hajduszoboszlo"]
[BlackTeam "Debrecen Sakkiskola"]
[WhiteTeamCountry "HUN"]
[BlackTeamCountry "HUN"]

1. e4 c6 2. d4 d5 3. Nc3 dxe4 4. Nxe4 Nd7 5. Bc4 Ngf6 6. Ng5 e6 7. Qe2 Nb6 8. Bb3 h6 9. N5f3 a5 10. c3 c5 11. dxc5 Bxc5 12. Ne5 0-0 13. Bf4 Nbd5 14. Bg3 a4 15. Bxd5 Qxd5 16. Ngf3 b6 17. 0-0 Ba6 18. c4 Qe4 19. Qxe4 Nxe4 20. Rfe1 Nxg3 21. hxg3 Rfd8 22. b3 Bb7 23. Rab1 Bb4 24. Re2 f6 25. Ng4 e5 26. Ne1 axb3 27. axb3 Bxe1 28. Rexe1 Rd3 29. Ne3 Kf7 1/2-1/2

[Event "HUN-chT2 Barcza 1314"]
[Site "Hungary"]
[Date "2013.11.03"]
[Round "4"]
[White "Kosa, Peter"]
[Black "Runda, Mate Bence"]
[Result "0-1"]
[WhiteElo "2131"]
[BlackElo "1902"]
[PlyCount "114"]
[EventDate "2013.09.08"]
[EventType "team-tourn"]
[EventRounds "11"]
[EventCountry "HUN"]
[SourceTitle "EXT 2016"]
[Source "ChessBase"]
[SourceDate "2015.10.08"]
[SourceVersion "1"]
[SourceVersionDate "2015.10.08"]
[SourceQuality "1"]
[WhiteTeam "Hajduszoboszlo"]
[BlackTeam "Miskolc EMSE"]
[WhiteTeamCountry "HUN"]
[BlackTeamCountry "HUN"]

1. e4 d6 2. d4 Nf6 3. Bd3 g6 4. h3 Bg7 5. Nf3 0-0 6. 0-0 Nbd7 7. Be3 c6 8. Nbd2 Qc7 9. c3 e5 10. Re1 b6 11. Rc1 Bb7 12. c4 c5 13. d5 h6 14. Nf1 Kh7 15. Qd2 Ng8 16. g4 Qd8 17. Ng3 f6 18. Kg2 Ne7 19. Rh1 Rh8 20. Rcg1 Kg8 21. Kf1 Kf7 22. Ke1 Ba6 23. h4 Rb8 24. a4 Bc8 25. Bf1 a6 26. Qe2 Nf8 27. Nd2 Bd7 28. Qf3 Kg8 29. Qd1 b5 30. f4 bxa4 31. g5 exf4 32. Bxf4 fxg5 33. Bxd6 Rxb2 34. e5 a3 35. Nge4 Bf5 36. Bd3 Nc8 37. hxg5 h5 38. Rg3 Nxd6 39. Nxd6 Bxe5 40. Nxf5 gxf5 41. Rg2 a2 42. Qa4 Rb1+ 43. Bxb1 a1Q 44. Qxa1 Bxa1 45. Bxf5 Bc3 46. g6 Kg7 47. Kd1 Bxd2 48. Kxd2 Qf6 49. Rf1 Rh6 50. Bd3 Qb2+ 51. Bc2 Rxg6 52. Rgf2 Nh7 53. Kd1 Qa1+ 54. Kd2 Qd4+ 55. Kc1 Rf6 56. Rg2+ Kf7 57. Rfg1 Rh6 0-1

[Event "HUN-chT2 Maroczy 1213"]
[Site "Hungary"]
[Date "2012.11.18"]
[Round "4"]
[White "Lazar, Janos"]
[Black "Kosa, Peter"]
[Result "0-1"]
[WhiteElo "2115"]
[BlackElo "2151"]
[PlyCount "48"]
[EventDate "2012.09.16"]
[EventType "team-tourn"]
[EventRounds "11"]
[EventCountry "HUN"]
[SourceTitle "EXT 2014"]
[Source "ChessBase"]
[SourceDate "2013.11.20"]
[SourceVersion "1"]
[SourceVersionDate "2013.11.20"]
[SourceQuality "1"]
[WhiteTeam "Kisujszallas"]
[BlackTeam "Hajduszoboszlo"]
[WhiteTeamCountry "HUN"]
[BlackTeamCountry "HUN"]

1. c4 c6 2. e4 d5 3. exd5 cxd5 4. cxd5 Nf6 5. Bb5+ Bd7 6. Bc4 Qc7 7. Bb3 Nxd5 8. Nc3 Nf4 9. Qf3 Bc6 10. Ba4 Bxa4 11. Nxa4 Qc4 12. Nc5 Nc6 13. Nxb7 Nd3+ 14. Kd1 Nd4 15. Nd6+ exd6 16. Qxa8+ Ke7 17. Qxa7+ Kf6 18. Qxd4+ Qxd4 19. Nf3 Qe4 20. Rf1 d5 21. Ne1 Nf4 22. Rh1 Bb4 23. b3 Rc8 24. Bb2+ Kg6 0-1

[Event "HUN-chT2 Maroczy 1213"]
[Site "Hungary"]
[Date "2012.11.04"]
[Round "3"]
[White "Pacal, Mihaly"]
[Black "Kosa, Peter"]
[Result "1/2-1/2"]
[WhiteElo "2145"]
[BlackElo "2151"]
[PlyCount "33"]
[EventDate "2012.09.16"]
[EventType "team-tourn"]
[EventRounds "11"]
[EventCountry "HUN"]
[SourceTitle "EXT 2014"]
[Source "ChessBase"]
[SourceDate "2013.11.20"]
[SourceVersion "1"]
[SourceVersionDate "2013.11.20"]
[SourceQuality "1"]
[WhiteTeam "Roeszke"]
[BlackTeam "Hajduszoboszlo"]
[WhiteTeamCountry "HUN"]
[BlackTeamCountry "HUN"]

1. b4 d5 2. Bb2 Nf6 3. Nf3 e6 4. a3 Bd6 5. e3 Nbd7 6. c4 c6 7. Nc3 0-0 8. Be2 Re8 9. 0-0 Nf8 10. Rc1 Ng6 11. Qb3 Bb8 12. d4 Qd6 13. g3 a6 14. Ne5 Nxe5 15. dxe5 dxc4 16. Bxc4 Qxe5 17. Nd5 1/2-1/2

[Event "HUN-chT2 Maroczy 1213"]
[Site "Hungary"]
[Date "2012.10.07"]
[Round "2"]
[White "Horvath, Karoly"]
[Black "Kosa, Peter"]
[Result "1/2-1/2"]
[WhiteElo "2154"]
[BlackElo "2151"]
[PlyCount "86"]
[EventDate "2012.09.16"]
[EventType "team-tourn"]
[EventRounds "11"]
[EventCountry "HUN"]
[SourceTitle "EXT 2014"]
[Source "ChessBase"]
[SourceDate "2013.11.20"]
[SourceVersion "1"]
[SourceVersionDate "2013.11.20"]
[SourceQuality "1"]
[WhiteTeam "Debrecen"]
[BlackTeam "Hajduszoboszlo"]
[WhiteTeamCountry "HUN"]
[BlackTeamCountry "HUN"]

1. e4 c5 2. c3 d5 3. exd5 Qxd5 4. d4 Nf6 5. Nf3 Bg4 6. Be2 e6 7. 0-0 Nc6 8. Na3 cxd4 9. Nb5 Qd8 10. Nbxd4 Nxd4 11. Nxd4 Bxe2 12. Qxe2 a6 13. Bg5 Be7 14. Rfe1 Qd5 15. Bh4 0-0 16. a3 Rae8 17. Rad1 Bd8 18. Bg3 Qc5 19. Be5 Nd7 20. Nf3 Qc8 21. Bd6 Be7 22. Ne5 Bxd6 23. Rxd6 Nxe5 24. Qxe5 Rd8 25. Red1 Rxd6 26. Qxd6 Qc4 27. Rd2 Qb3 28. Qe7 g6 29. h4 h5 30. g3 Kg7 31. Qc7 Kg8 32. c4 e5 33. c5 e4 34. Qe7 Qc4 35. Kg2 Rc8 36. Rd8+ Rxd8 37. Qxd8+ Kg7 38. Qe7 Qd5 39. Kg1 Qd1+ 40. Kg2 Qf3+ 41. Kg1 Qd1+ 42. Kg2 Qf3+ 43. Kg1 Qd1+ 1/2-1/2

[Event "HUN-chT2 Maroczy 1213"]
[Site "Hungary"]
[Date "2012.09.16"]
[Round "1"]
[White "Kosa, Peter"]
[Black "Havasi, Janos"]
[Result "1/2-1/2"]
[WhiteElo "2151"]
[BlackElo "2204"]
[PlyCount "145"]
[EventDate "2012.09.16"]
[EventType "team-tourn"]
[EventRounds "11"]
[EventCountry "HUN"]
[SourceTitle "EXT 2014"]
[Source "ChessBase"]
[SourceDate "2013.11.20"]
[SourceVersion "1"]
[SourceVersionDate "2013.11.20"]
[SourceQuality "1"]
[WhiteTeam "Hajduszoboszlo"]
[BlackTeam "Vasas"]
[WhiteTeamCountry "HUN"]
[BlackTeamCountry "HUN"]

1. d4 Nf6 2. Nf3 g6 3. c4 Bg7 4. Nc3 d6 5. g3 0-0 6. Bg2 Na6 7. 0-0 c5 8. d5 Nc7 9. e4 a6 10. a4 b6 11. Bf4 Rb8 12. Qe2 b5 13. axb5 axb5 14. Ra2 bxc4 15. Rd1 Bd7 16. e5 Nh5 17. Bd2 Bf5 18. Ne1 Bxe5 19. Qxc4 Bg7 20. Qe2 Nf6 21. Bf4 Re8 22. Qd2 Ra8 23. Rda1 Rxa2 24. Rxa2 Qb8 25. h3 h5 26. Nc2 Nb5 27. Na4 Qb7 28. Ne3 Bd7 29. b4 cxb4 30. Qxb4 Rc8 31. Nb2 Ra8 32. Rxa8+ Qxa8 33. Nbc4 Qa1+ 34. Kh2 Qa2 35. Nd2 Ne8 36. Nec4 Bc3 37. Qb3 Qxb3 38. Nxb3 Nbc7 39. Be3 Nf6 40. Nb6 Bb5 41. Bd4 Bxd4 42. Nxd4 Ba6 43. Nc2 Kf8 44. Bf3 Bb7 45. Nb4 e6 46. Nc4 Ke7 47. Nc6+ Bxc6 48. dxc6 e5 49. Bd1 Ke6 50. Kg2 d5 51. Nb6 Ne4 52. Bb3 Nc3 53. Kf3 f5 54. h4 Kd6 55. Nd7 Ne6 56. Ke3 e4 57. Kd2 Nb5 58. Ba4 Nbc7 59. Kc3 f4 60. Nb6 fxg3 61. fxg3 Ng7 62. Nc8+ Ke6 63. Bd1 Nf5 64. g4 Nxh4 65. gxh5 gxh5 66. Bxh5 Ke5 67. Nb6 d4+ 68. Kd2 Nf5 69. Nd7+ Kf4 70. Nc5 e3+ 71. Kd3 Ke5 72. Nb3 Kd5 73. Nxd4 1/2-1/2

[Event "HUN-chT2 Barcza 1011"]
[Site "Hungary"]
[Date "2011.05.01"]
[Round "10.7"]
[White "Csatlos, Bela"]
[Black "Kosa, Peter"]
[Result "1/2-1/2"]
[WhiteElo "1744"]
[BlackElo "2147"]
[PlyCount "64"]
[EventDate "2010.09.12"]
[EventType "team-tourn"]
[EventRounds "11"]
[EventCountry "HUN"]
[SourceTitle "EXT 2012"]
[Source "ChessBase"]
[SourceDate "2011.11.24"]
[SourceVersion "1"]
[SourceVersionDate "2011.11.24"]
[SourceQuality "1"]
[WhiteTeam "Kazincbarcika"]
[BlackTeam "Hajduszoboszlo"]
[WhiteTeamCountry "HUN"]
[BlackTeamCountry "HUN"]

1. e4 c5 2. Nf3 Nc6 3. d4 cxd4 4. Nxd4 Nf6 5. Nc3 e5 6. Nb3 Bb4 7. Bd3 d5 8. exd5 Nxd5 9. Bd2 Nxc3 10. bxc3 Bd6 11. Qh5 g6 12. Qh6 Bf8 13. Qg5 Qd6 14. Be3 Bg7 15. Bc5 Qf6 16. Qxf6 Bxf6 17. Be4 Be6 18. 0-0 Rc8 19. Rfd1 b6 20. Bd6 Ne7 21. Rd3 0-0 22. Bb7 Rcd8 23. Nd2 Rfe8 24. Ne4 Bg7 25. Rad1 Rd7 26. Ba6 Nc6 27. Bb5 Rc8 28. Ba6 Re8 29. Bb5 Rc8 30. Ba6 Re8 31. Bb5 Rc8 32. Ba6 Re8 1/2-1/2

[Event "HUN-chT2 Barcza 1011"]
[Site "Hungary"]
[Date "2010.10.04"]
[Round "2.8"]
[White "Galko, Attila"]
[Black "Kosa, Peter"]
[Result "0-1"]
[WhiteElo "1837"]
[BlackElo "2147"]
[PlyCount "118"]
[EventDate "2010.09.12"]
[EventType "team-tourn"]
[EventRounds "11"]
[EventCountry "HUN"]
[SourceTitle "EXT 2012"]
[Source "ChessBase"]
[SourceDate "2011.11.24"]
[SourceVersion "1"]
[SourceVersionDate "2011.11.24"]
[SourceQuality "1"]
[WhiteTeam "Edeleny"]
[BlackTeam "Hajduszoboszlo"]
[WhiteTeamCountry "HUN"]
[BlackTeamCountry "HUN"]

1. e4 c5 2. Nf3 Nc6 3. Bb5 g6 4. 0-0 Bg7 5. d3 Nf6 6. Nc3 0-0 7. Re1 Ne8 8. Be3 Nd4 9. Bc4 Nc7 10. Bxd4 cxd4 11. Ne2 Ne6 12. Bxe6 dxe6 13. e5 Qb6 14. b3 Rd8 15. Qc1 Qc5 16. Ng3 b6 17. Ne4 Qc7 18. Ned2 Bb7 19. Qb2 Rac8 20. Rac1 Bh6 21. a4 Bxf3 22. Nxf3 Bxc1 23. Rxc1 Qc5 24. Kf1 Rd7 25. Ke1 f6 26. exf6 exf6 27. Kd2 e5 28. Ne1 Kf7 29. f3 Rdc7 30. Ke2 Qb4 31. Kd1 Re8 32. Ra1 Kg7 33. Qa3 Qxa3 34. Rxa3 f5 35. a5 b5 36. a6 Kf6 37. Ra5 Rb8 38. b4 Rc6 39. Ke2 Rbb6 40. Kd2 Rxa6 41. Rxb5 Rcb6 42. Rxb6+ axb6 43. c4 dxc3+ 44. Kxc3 b5 45. Nc2 Ke6 46. g4 h5 47. h3 Ra7 48. Kd2 hxg4 49. hxg4 fxg4 50. fxg4 Ra2 51. Kc3 Kf6 52. Ne3 Kg5 53. Kb3 Ra6 54. Kc3 Kf4 55. Nd5+ Kxg4 56. d4 exd4+ 57. Kxd4 Rd6 58. Kc5 Rxd5+ 59. Kxd5 Kf5 0-1

[Event "HUN-chT2 Toth 0910"]
[Site "Hungary"]
[Date "2010.04.11"]
[Round "9.1"]
[White "Csikos, Mihaly"]
[Black "Kosa, Peter"]
[Result "1/2-1/2"]
[WhiteElo "2135"]
[BlackElo "2140"]
[PlyCount "76"]
[EventDate "2009.11.08"]
[EventType "team-tourn"]
[EventRounds "11"]
[EventCountry "HUN"]
[SourceTitle "EXT 2011"]
[Source "ChessBase"]
[SourceDate "2010.11.26"]
[SourceVersion "1"]
[SourceVersionDate "2010.11.26"]
[SourceQuality "1"]
[WhiteTeam "Roszke"]
[BlackTeam "Nadudvar"]
[WhiteTeamCountry "HUN"]
[BlackTeamCountry "HUN"]

1. e4 c5 2. Nc3 Nc6 3. d3 g6 4. g3 Bg7 5. Bg2 d6 6. Be3 e6 7. Qd2 Nge7 8. Bh6 0-0 9. h4 f6 10. 0-0-0 Rb8 11. h5 g5 12. Bxg7 Kxg7 13. h6+ Kh8 14. f4 Rg8 15. fxg5 Rxg5 16. Nge2 Nd4 17. Rdf1 Ng8 18. Qe3 Nxe2+ 19. Nxe2 b5 20. d4 c4 21. Nf4 b4 22. Bh3 Qe7 23. Bg2 Qd8 24. Rh5 Rbb5 25. d5 e5 26. Rxg5 fxg5 27. Ne6 Bxe6 28. dxe6 Rb7 29. Rf7 Rxf7 30. exf7 Nxh6 31. Qxa7 Kg7 32. f8Q+ Kxf8 33. Qxh7 Qf6 34. Bf3 g4 35. Be2 Qg5+ 36. Kd1 c3 37. bxc3 bxc3 38. Ke1 Qe3 1/2-1/2

[Event "HUN-chT2 Toth 0910"]
[Site "Hungary"]
[Date "2009.11.08"]
[Round "1.1"]
[White "Kosa, Peter"]
[Black "Fabian Nagy, Sandor"]
[Result "1/2-1/2"]
[WhiteElo "2140"]
[BlackElo "2126"]
[PlyCount "87"]
[EventDate "2009.11.08"]
[EventType "team-tourn"]
[EventRounds "11"]
[EventCountry "HUN"]
[SourceTitle "EXT 2011"]
[Source "ChessBase"]
[SourceDate "2010.11.26"]
[SourceVersion "1"]
[SourceVersionDate "2010.11.26"]
[SourceQuality "1"]
[WhiteTeam "Nadudvar"]
[BlackTeam "Szentes Spartacus"]
[WhiteTeamCountry "HUN"]
[BlackTeamCountry "HUN"]

1. e4 e5 2. Nf3 Nc6 3. Bb5 Nf6 4. d3 Nd4 5. Nxd4 exd4 6. 0-0 c6 7. Ba4 d6 8. c3 dxc3 9. bxc3 Be7 10. Qe2 0-0 11. d4 Re8 12. Bc2 Qc7 13. Nd2 b5 14. f4 a5 15. e5 Nd5 16. Qf3 f5 17. exf6 Nxf6 18. Ne4 Be6 19. Bd2 Bd5 20. Rae1 Rf8 21. Nxf6+ Bxf6 22. Be4 Bxe4 23. Rxe4 Qf7 24. a3 d5 25. Re2 Be7 26. f5 Bxa3 27. g4 Bd6 28. g5 a4 29. f6 g6 30. Bf4 Bxf4 31. Re7 Qxe7 32. fxe7 Bxh2+ 33. Kxh2 Rxf3 34. Rxf3 a3 35. Rf2 Re8 36. Ra2 Rxe7 37. Rxa3 Re2+ 38. Kg3 Rc2 39. Kf4 Re2 40. Ra8+ Kf7 41. Rc8 Re4+ 42. Kf3 Re6 43. Rc7+ Kg8 44. Rc8+ 1/2-1/2

[Event "HUN-chT2 Maroczy 0708"]
[Site "Hungary"]
[Date "2008.03.30"]
[Round "9"]
[White "Kosa, Peter"]
[Black "Antal, Laszlo"]
[Result "1/2-1/2"]
[WhiteElo "2142"]
[BlackElo "2219"]
[PlyCount "96"]
[EventDate "2007.10.14"]
[EventType "team"]
[EventRounds "11"]
[EventCountry "HUN"]
[SourceTitle "EXT 2009"]
[Source "ChessBase"]
[SourceDate "2008.11.26"]
[SourceVersion "1"]
[SourceVersionDate "2008.11.26"]
[SourceQuality "1"]
[WhiteTeam "Teva"]
[BlackTeam "Fuzesabony"]
[WhiteTeamCountry "HUN"]
[BlackTeamCountry "HUN"]

1. d4 Nf6 2. Nf3 e6 3. c4 Bb4+ 4. Nbd2 d5 5. Qa4+ Nc6 6. a3 Bxd2+ 7. Bxd2 Ne4 8. Rd1 0-0 9. e3 Bd7 10. Qc2 Be8 11. b4 f5 12. Rc1 Nxd2 13. Qxd2 a6 14. Be2 Bh5 15. 0-0 Bxf3 16. Bxf3 Ne7 17. a4 Qd7 18. Qc2 c6 19. Qb3 g5 20. Be2 Nc8 21. b5 Nd6 22. cxd5 cxd5 23. bxa6 bxa6 24. Qb6 Rfb8 25. Qc6 Qd8 26. Rb1 a5 27. g3 Kf7 28. g4 Rc8 29. Qb6 Nc4 30. Bxc4 Qxb6 31. Rxb6 Rxc4 32. gxf5 exf5 33. Ra1 f4 34. Kg2 fxe3 35. fxe3 Re8 36. Ra3 Rc2+ 37. Kg3 Re2 38. Rb5 R8xe3+ 39. Rxe3 Rxe3+ 40. Kf2 Rc3 41. Rxd5 Rc4 42. Rxa5 Rxd4 43. Ra6 h5 44. h3 Rd3 45. Kg2 h4 46. Rb6 Rg3+ 47. Kh2 Ra3 48. Ra6 Ra2+ 1/2-1/2